| 000 | 00934nam a2200217Ia 4500 | ||
|---|---|---|---|
| 001 | 18310 | ||
| 005 | 20260316161010.0 | ||
| 008 | 260306s9999||||xx |||||||||||||| ||und|| | ||
| 041 | _aESP | ||
| 082 |
_a658.403 _bA59 2016 |
||
| 100 |
_aAnderson, David R. _eAUT |
||
| 245 | 0 | _aMétodos cuantitativos para los negocios | |
| 260 | _c2016 | ||
| 300 |
_a000 páginas : _c00 cm. |
||
| 650 | _aGEN | ||
| 654 | _aCAN | ||
| 856 |
_uhttps://itmsp.museknowledge.com/UCSP?url=https://www.ebooks7-24.com:443/?il=9264&pg=1 _zVéase además: Fundamentos de Métodos cuantitativos para los negocios, por David Anderso. Versión digital |
||
| 856 |
_uhttps://0u213sn5v-y-https-ebooks7--24-com.itmsp.museknowledge.com/biblioteca.aspx _zVéase además: Base de datos Ebook7-24 |
||
| 856 |
_uhttps://0u20fsn6s-y-https-research-ebsco-com.itmsp.museknowledge.com/c/qxo6us/search _zVéase además: Base de datos EBSCOhost |
||
| 942 |
_cLIB _dJUS _fJUS _2ddc |
||
| 999 |
_c18310 _d18310 |
||